Top 16 best shotputters. - Statistics

General Stats
  • This quiz has been taken 10 times
  • The average score is 6 of 16
Answer Stats
Distance Name % Correct
23.56 Ryan CROUSER
100%
23.23 Joe KOVACS
75%
22.90 Tom WALSH
75%
23.12 Randy BARNES
63%
22.98 Leonardo FABBRI
50%
22.61 Darlan ROMANI
38%
22.59 Payton OTTERDAHL
38%
23.06 Ulf TIMMERMANN
38%
22.51 Adam NELSON
25%
22.86 Brian OLDFIELD
25%
22.75 Werner GÜNTHÖR
25%
22.91 Alessandro ANDREI
13%
22.54 Christian CANTWELL
13%
22.67 Kevin TOTH
13%
22.64 Udo BEYER
13%
22.52 John BRENNER
0%
No matching quizzes found
Score Distribution
Percent of People with Each Score
Percentile by Number Answered
Your Score History
You have not taken this quiz